Score 0/30 Timer 05:00
0 Plays Today
% Correct
Count Dracula
95.5%
Wicked _____ of the West
92.9%
Drogon
91.5%
Moaning Myrtle
90.7%
Goliath
89.3%
Headless Horseman
89.2%
The BFG
88.4%
Minerva McGonagall
88.1%
Edward Cullen
88%
Smaug
86.7%
Remus Lupin
86.2%
Hamlet's Father
85.4%
Jadis the White _____
82%
Jacob Marley
78.3%
Jacob Black
77.3%
% Correct
Lestat de Lioncourt
70.8%
Bunnicula
70.3%
Morgan le Fay
69.5%
Grawp
66.5%
Paul Bunyan
65.6%
Norbert
63.4%
The Grand High _____
57.6%
Falkor
54.9%
Fezzik
54.1%
Reverend Lester Lowe
40.1%
Carcharoth
37.7%
Saphira
35.7%
Gmork
31.9%
Delbert Grady
26.2%
Kurt Barlow
20.4%
Remove Ads.
Support Sporcle.
Get the best of Sporcle when you Go Orange. This ad-free experience offers more features, more stats, and more fun while also helping to support Sporcle. Thank you for becoming a member.

You're not logged in!

Compare scores with friends on all Sporcle quizzes.
OR
Log In

Sporcle TV

Today on Sporcle TV


Watch our educational content, quiz creation guides, and fun videos on Sporcle TV.

Show Comments

Extras

Top Quizzes Today


Score Distribution

Paid Content

Your Account Isn't Verified!

In order to create a playlist on Sporcle, you need to verify the email address you used during registration. Go to your Sporcle Settings to finish the process.

Report this User

Report this user for behavior that violates our Community Guidelines.

Details: